书目信息 |
| 书名: | Three men on the bummel | |
| 作者: | Jerome K. Jerome. | |
| 分册号: | ||
| 分册名: | 出版地: | 北京, : |
|
| 出版社: | 商务印书馆 | |
| 出版时间: | 1964. | |
| 页数: | 168 p. ; | |
| 开本: | 18 cm. | |
| 丛书名: | ||
| 中图分类号: | ||
| 科图分类号: | ||
| 其他分类号: | H319.4 | |
| 主题词: | ||
| 电子资源: | ||
| 000 | 00630nam 2200217 a 4500 | |
| 001 | E0732236655 | |
| 005 | 20070305091323.37 | |
| 008 | 0212201964 enk 000 1 eng d | |
| 020 | @a0140621458. | |
| 040 | @aNUL@cNUL | |
| 090 | @aI561.44/X107 @2 4 | |
| 090 | @aH319.4 | |
| 092 | @aCN@bSB(W)7/69 | |
| 093 | @aI561.44 @2 4 | |
| 099 | @dH319.4@ex93 | |
| 100 | 1 | @aJerome, Jerome K.@q(Jerome Klapka),@d1859-1927. |
| 245 | 10 | @aThree men on the bummel@6三人出游记 / @cJerome K. Jerome. |
| 260 | @a北京, :@b商务印书馆,@c1964. | |
| 300 | @a168 p. ;@c18 cm. | |
| 600 | @aG.Horsley 改写, 张锦芯注释 | |
| 920 | @a232010@z2 | |
| Three men on the bummel / Jerome K. Jerome.-北京, : : 商务印书馆, , 1964. |
| 168 p. ; ; 18 cm. |
| ISBN 0140621458. |
| ● |
| 相关链接 |
|
|
|
|
正题名:Three men on the bummel
索取号:H319.4/x93
 
预约/预借
| 序号 | 登录号 | 条形码 | 馆藏地/架位号 | 状态 | 备注 |
| 1 | 17017 | 202460791 | 第四借阅区/ [索取号:H319.4/x93] | 在馆 | |
| 2 | 17022 | 202460746 | 第四借阅区/ [索取号:H319.4/x93] | 在馆 | |
| 3 | 17023 | 202460764 | 第四借阅区/ [索取号:H319.4/x93] | 在馆 | |
| 4 | 17037 | 202460844 | 第四借阅区/ [索取号:H319.4/x93] | 在馆 | |
| 5 | 17038 | 202460808 | 第四借阅区/ [索取号:H319.4/x93] | 在馆 | |
| 6 | 17041 | 202460737 | 第四借阅区/ [索取号:H319.4/x93] | 在馆 | |
| 7 | 17046 | 202460880 | 第四借阅区/ [索取号:H319.4/x93] | 在馆 | |
| 8 | 17055 | 202460700 | 第四借阅区/ [索取号:H319.4/x93] | 在馆 | |
| 9 | 17061 | 202460826 | 第四借阅区/ [索取号:H319.4/x93] | 在馆 | |
| 10 | 17064 | 202460835 | 第四借阅区/ [索取号:H319.4/x93] | 在馆 | |
| 11 | 17069 | 202460817 | 第四借阅区/ [索取号:H319.4/x93] | 在馆 | |
| 12 | 17075 | 202460782 | 第四借阅区/ [索取号:H319.4/x93] | 在馆 | |
| 13 | 17076 | 202460755 | 第四借阅区/ [索取号:H319.4/x93] | 在馆 | |
| 14 | 17078 | 202460719 | 第四借阅区/ [索取号:H319.4/x93] | 在馆 | |
| 15 | 17079 | 202460853 | 第四借阅区/ [索取号:H319.4/x93] | 在馆 | |
| 16 | 17081 | 202460728 | 第四借阅区/ [索取号:H319.4/x93] | 在馆 | |
| 17 | 17085 | 202460871 | 第四借阅区/ [索取号:H319.4/x93] | 在馆 | |
| 18 | 17090 | 202460773 | 第四借阅区/ [索取号:H319.4/x93] | 在馆 | |
| 19 | 17101 | 202460862 | 第四借阅区/ [索取号:H319.4/x93] | 在馆 |